Sports Quiz

Random Sports or Baseball Quiz

MLB Top 25 in Hitting Quiz Stats

 Plays Quiz Updated Nov 23, 2018

Challenge
Share
Tweet
Embed
Score 0/100 Timer 10:00
0 Plays Today
Team Player % Correct
DoublesBarry Bonds
97.1%
Home RunsBarry Bonds
97.1%
SinglesPete Rose
97%
DoublesPete Rose
97%
Home RunsBabe Ruth
96.6%
SinglesHank Aaron
95.9%
DoublesHank Aaron
95.9%
Home RunsHank Aaron
95.9%
Home RunsAlex Rodriguez
93.5%
Home RunsKen Griffey Jr.
92.5%
Home RunsSammy Sosa
92.1%
Home RunsWillie Mays
91.7%
Home RunsJim Thome
88.6%
SinglesTy Cobb
87.8%
DoublesTy Cobb
87.8%
TriplesTy Cobb
87.8%
DoublesAlbert Pujols
86.3%
Home RunsAlbert Pujols
86.3%
Home RunsTed Williams
84.7%
Home RunsMark McGwire
84.7%
Home RunsMickey Mantle
83.5%
DoublesCal Ripken
78.7%
SinglesDerek Jeter
78.3%
Home RunsReggie Jackson
77.7%
Home RunsMike Schmidt
77.3%
Home RunsFrank Robinson
76.3%
Home RunsErnie Banks
76.2%
Home RunsManny Ramirez
75.6%
DoublesDavid Ortiz
75%
SinglesIchiro Suzuki
74.9%
Home RunsHarmon Killebrew
74.8%
SinglesRickey Henderson
74.5%
Home RunsFrank Thomas
74.3%
DoublesStan Musial
73.3%
Team Player % Correct
TriplesStan Musial
73.3%
SinglesStan Musial
73.2%
DoublesRafael Palmeiro
70.7%
Home RunsRafael Palmeiro
70.7%
Home RunsWillie McCovey
69.9%
DoublesRobin Yount
68.7%
SinglesRobin Yount
68.6%
SinglesTony Gwynn
68.6%
DoublesGeorge Brett
65.9%
DoublesCraig Biggio
65.6%
DoublesCarl Yastrzemski
64.6%
SinglesCarl Yastrzemski
64.6%
Home RunsJimmie Foxx
63%
DoublesLuis Gonzalez
62.2%
SinglesPaul Molitor
61.7%
DoublesPaul Molitor
61.7%
SinglesHonus Wagner
61.4%
DoublesHonus Wagner
61.4%
TriplesHonus Wagner
61.4%
Home RunsDavid Ortiz
61.1%
Home RunsMel Ott
60.5%
DoublesTodd Helton
57%
Home RunsEddie Mathews
52.8%
SinglesRod Carew
51.2%
SinglesWade Boggs
48%
DoublesWade Boggs
47.9%
SinglesLou Brock
46.8%
SinglesTris Speaker
46.4%
DoublesTris Speaker
46.4%
TriplesTris Speaker
46.4%
SinglesSam Rice
44.1%
TriplesSam Rice
44.1%
SinglesCap Anson
41.2%
DoublesCap Anson
41.2%
Team Player % Correct
SinglesNap Lajoie
40.3%
DoublesNap Lajoie
40.3%
TriplesRogers Hornsby
39.7%
SinglesPaul Waner
34.3%
DoublesPaul Waner
34.3%
TriplesPaul Waner
34.3%
TriplesSam Crawford
31.3%
SinglesEddie Collins
29%
TriplesEddie Collins
29%
DoublesAdrian Beltre
28.4%
SinglesOmar Vizquel
25.9%
DoublesCharlie Gehringer
24.7%
SinglesWillie Keeler
20.1%
DoublesBobby Abreu
18.6%
TriplesEd Delahanty
14.7%
SinglesFrankie Frisch
14.3%
TriplesZack Wheat
13.2%
TriplesGoose Goslin
11.2%
TriplesDan Brouthers
9.7%
TriplesBid McPhee
9.4%
TriplesFred Clarke
8.5%
SinglesJesse Burkett
8.3%
TriplesJesse Burkett
8.3%
TriplesRabbit Maranville
7.8%
TriplesJake Beckley
7%
TriplesEdd Roush
6.9%
TriplesRoger Connor
6.8%
TriplesJoe Kelley
6.1%
TriplesBuck Ewing
4.9%
TriplesTommy Leach
2.8%
TriplesHarry Stovey
2.4%
TriplesEd Konetchy
2.4%

You're not logged in!

Compare scores with friends on all Sporcle quizzes.
OR
Log In

You Might Also Like...

Show Comments

Extras

Top Quizzes Today


Score Distribution

Your Account Isn't Verified!

In order to create a playlist on Sporcle, you need to verify the email address you used during registration. Go to your Sporcle Settings to finish the process.

Report this User

Report this user for behavior that violates our Community Guidelines.

Details: